2023 News Stories - Name the Country - Statistics

General Stats
  • This quiz has been taken 294 times
    93 since last reset
  • The average score is 9 of 16
Answer Stats
Clue Country % Correct
Hamas leads invasion of this country Israel
97%
Country that surpassed China as the most populous in the world India
96%
This country celebrates its first coronation in 70 years United Kingdom
94%
Cristiano Ronaldo and Karim Benzema are among the first marquee signings for football clubs in this country Saudi Arabia
81%
Over 60,000 people are killed after earthquakes strike Syria and ______ Turkey
77%
Government figures show that 1 in 10 people in this country is over the age of 80 Japan
70%
Loreen wins the Eurovision Song Contest for the second time representing this country Sweden
66%
Andrew Tate is charged with rape, human trafficking, and forming an organised crime group to sexually exploit women in this country Romania
57%
...and this country wins it South Africa
49%
This country becomes becomes the 20th to adopt the euro, replacing the kuna Croatia
47%
This country hosts the Rugby World Cup France
42%
COP28 held in this country United Arab Emirates
39%
Prime Minister Hun Sen, leader of this country since 1985, announces he will resign and pass his office to his son Cambodia
37%
The world's first whole eye transplant takes place in this country United States
32%
Party for Freedom becomes the largest party in this country's House of Representatives for the first time Netherlands
23%
This country brings into force the world's strictest anti-smoking laws, banning smoking in public places such as beaches and parks Mexico
8%
No matching quizzes found
Score Distribution
Percent of People with Each Score
Percentile by Number Answered
Your Score History
You have not taken this quiz since the last reset